| 000 | 00656nam a22001817a 4500 | ||
|---|---|---|---|
| 003 | OSt | ||
| 005 | 20251125141213.0 | ||
| 008 | 251125b |||||||| |||| 00| 0 eng d | ||
| 020 | _a971-513-102-6 | ||
| 040 |
_a DWC-Main lib _cOC |
||
| 082 | _aFil. 610.73 C317i 1998 | ||
| 100 | _aCawaon, F. | ||
| 245 |
_aIntroduction to nursing management functions : _ba handbook for student nurses _cCawaon, Florence C. |
||
| 260 |
_aManila : _b Educational Publishing House, _c c1998 |
||
| 300 |
_avii, 98 pages : _c25 cm. |
||
| 504 | _aIncludes bibliographical references | ||
| 942 |
_2ddc _cBK - FIL _hFil. 610.73 C317i 1998 _kFil. _n0 |
||
| 999 |
_c6283 _d6283 |
||